[Event "Joinville op U220"]
[Site "Joinville"]
[Date "2017.02.19"]
[Round "6"]
[White "De Souza, Elana Silva"]
[Black "De Oliveira, Francemir Barra"]
[Result "1-0"]
[WhiteElo "1560"]
[BlackElo "1587"]
[PlyCount "57"]
[EventDate "2017.02.17"]
[EventType "swiss"]
[EventRounds "7"]
[EventCountry "BRA"]
[SourceTitle "CBM 177 Extra"]
[Source "ChessBase"]
[SourceDate "2017.04.27"]
[SourceVersion "1"]
[SourceVersionDate "2017.04.27"]
[SourceQuality "1"]

1. e4 e5 2. Nf3 Nc6 3. d4 exd4 4. Nxd4 Ne5 5. Nc3 d6 6. Be2 Be7 7. 0-0 Nf6 8. f4 Ng6 9. Nf3 Bg4 10. h3 Bd7 11. e5 dxe5 12. Nxe5 Bc5+ 13. Kh1 Qe7 14. Nxd7 Nxd7 15. Bg4 0-0-0 16. Re1 Qh4 17. Be3 Bxe3 18. Rxe3 Nxf4 19. Qf3 Qh6 20. Rd1 g5 21. Re7 Ne6 22. Qxf7 Nef8 23. Bxd7+ Nxd7 24. Rexd7 Qc6 25. Rxd8+ Rxd8 26. Qf5+ Qd7 27. Rxd7 Rxd7 28. Nd5 c6 29. Nf6 1-0

[Event "Joinville op U220"]
[Site "Joinville"]
[Date "2017.02.17"]
[Round "2"]
[White "De Souza, Elana Silva"]
[Black "Cordioli, Jairo Ribeiro"]
[Result "0-1"]
[WhiteElo "1560"]
[BlackElo "1895"]
[PlyCount "106"]
[EventDate "2017.02.17"]
[EventType "swiss"]
[EventRounds "7"]
[EventCountry "BRA"]
[SourceTitle "CBM 177 Extra"]
[Source "ChessBase"]
[SourceDate "2017.04.27"]
[SourceVersion "1"]
[SourceVersionDate "2017.04.27"]
[SourceQuality "1"]

1. e4 c5 2. Nc3 d6 3. g3 Nc6 4. Bg2 g6 5. d3 Bg7 6. Be3 e6 7. Qd2 Nge7 8. Bh6 0-0 9. Bxg7 Kxg7 10. Nge2 Nd4 11. Nc1 Rb8 12. Nd1 e5 13. c3 Ndc6 14. 0-0 f5 15. exf5 Bxf5 16. Ne3 Be6 17. Ne2 Qd7 18. d4 cxd4 19. cxd4 Bh3 20. dxe5 Nxe5 21. Rfd1 Bxg2 22. Kxg2 Qc6+ 23. Nd5 Nxd5 24. Qxd5 Qxd5+ 25. Rxd5 Rf6 26. Rad1 Rbf8 27. Nf4 Nf7 28. R1d2 Rc8 29. Ne2 Rf5 30. Rxf5 gxf5 31. f4 Kf6 32. Nd4 a6 33. h3 h5 34. Re2 Nd8 35. h4 Rc4 36. Rd2 Ne6 37. Nb3 Ke7 38. Na5 Rc7 39. Kf2 b6 40. Nb3 Nc5 41. Re2+ Ne4+ 42. Kf3 Kf6 43. Nd4 Rc4 44. Nb3 d5 45. Nd2 Rd4 46. Nb3 Rd3+ 47. Re3 Rd1 48. Kg2 d4 49. Nxd4 Rxd4 50. Kf3 Rd2 51. Rb3 b5 52. Ke3 Rg2 53. a4 Rxg3+ 0-1

[Event "Pan American-ch U1700"]
[Site "Carilo Village"]
[Date "2016.10.30"]
[Round "9"]
[White "De Souza, Elana Silva"]
[Black "Lloyd, Ryan"]
[Result "1-0"]
[WhiteElo "1532"]
[BlackElo "1673"]
[PlyCount "65"]
[EventDate "2016.10.25"]
[EventType "swiss"]
[EventRounds "9"]
[EventCountry "ARG"]
[SourceTitle "EXT 2022"]
[Source "ChessBase"]
[SourceDate "2021.10.06"]
[SourceVersion "1"]
[SourceVersionDate "2021.10.06"]
[SourceQuality "1"]

1. e4 e5 2. Nf3 Nc6 3. d4 exd4 4. Nxd4 Bc5 5. Nxc6 Qf6 6. Qe2 Qxc6 7. g3 Nf6 8. Bg2 0-0 9. 0-0 Qe6 10. Qd3 d6 11. Nc3 c6 12. Na4 Bb4 13. a3 Ba5 14. b4 Bc7 15. Bb2 Bd7 16. Nc3 Ng4 17. f3 Bb6+ 18. Kh1 Ne3 19. Rfe1 Nxg2 20. Kxg2 Qh3+ 21. Kh1 Bf2 22. Re2 Bxg3 23. Rg2 Be5 24. Nd1 a5 25. Nf2 Qe6 26. Bxe5 dxe5 27. Rag1 g6 28. Qd2 axb4 29. axb4 f5 30. exf5 Rxf5 31. Qh6 Be8 32. Rg3 Rh5 33. Qxh5 1-0

[Event "Pan American-ch U1700"]
[Site "Carilo Village"]
[Date "2016.10.28"]
[Round "6"]
[White "De Souza, Elana Silva"]
[Black "Zito, Alberto"]
[Result "1-0"]
[WhiteElo "1532"]
[BlackElo "1635"]
[PlyCount "91"]
[EventDate "2016.10.25"]
[EventType "swiss"]
[EventRounds "9"]
[EventCountry "ARG"]
[SourceTitle "EXT 2022"]
[Source "ChessBase"]
[SourceDate "2021.10.06"]
[SourceVersion "1"]
[SourceVersionDate "2021.10.06"]
[SourceQuality "1"]

1. e4 c5 2. Nf3 Nc6 3. d4 cxd4 4. c3 dxc3 5. Nxc3 e6 6. Bc4 Bb4 7. 0-0 Bxc3 8. bxc3 Qc7 9. Ba3 Nge7 10. Bd6 Qa5 11. Qd2 0-0 12. e5 Re8 13. Rfe1 Nf5 14. Re4 Nxd6 15. exd6 b5 16. Bd3 Bb7 17. Rh4 f5 18. a4 a6 19. Qa2 Rf8 20. Ng5 Qd8 21. f4 Qf6 22. Rxh7 Nd8 23. Qf2 Nf7 24. Qh4 Nxg5 25. fxg5 Qg6 26. Rh8+ Kf7 27. Rxf8+ Rxf8 28. axb5 axb5 29. Bxb5 e5 30. Qc4+ Qe6 31. Qxe6+ Kxe6 32. Rd1 Rc8 33. c4 e4 34. Kf2 Ke5 35. Bxd7 Rxc4 36. Bb5 Rc8 37. d7 Rd8 38. Rc1 f4 39. Rc7 e3+ 40. Kf1 Bxg2+ 41. Kxg2 Rb8 42. Kf3 Rh8 43. Rc8 Rxh2 44. d8Q Rf2+ 45. Kg4 Rg2+ 46. Kh5 1-0

[Event "Pan American-ch U1700"]
[Site "Carilo Village"]
[Date "2016.10.27"]
[Round "5"]
[White "Alonso, Sergio"]
[Black "De Souza, Elana Silva"]
[Result "1-0"]
[WhiteElo "1675"]
[BlackElo "1532"]
[PlyCount "41"]
[EventDate "2016.10.25"]
[EventType "swiss"]
[EventRounds "9"]
[EventCountry "ARG"]
[SourceTitle "EXT 2022"]
[Source "ChessBase"]
[SourceDate "2021.10.06"]
[SourceVersion "1"]
[SourceVersionDate "2021.10.06"]
[SourceQuality "1"]

1. f4 Nf6 2. Nf3 d5 3. e3 e6 4. b3 Nc6 5. Bb2 Bc5 6. Ne5 Nxe5 7. fxe5 Ne4 8. Qf3 Be7 9. Bd3 Nc5 10. 0-0 0-0 11. Be2 b6 12. d4 Ne4 13. Qh3 c5 14. Nc3 Nxc3 15. Bxc3 cxd4 16. Bxd4 Bb7 17. Bd3 g6 18. Rf6 Re8 19. Rxf7 Kxf7 20. Qxh7+ Kf8 21. Bxg6 1-0

[Event "Pan American-ch U1700"]
[Site "Carilo Village"]
[Date "2016.10.25"]
[Round "1"]
[White "Miranda Gatica, Claudio Adolfo"]
[Black "De Souza, Elana Silva"]
[Result "0-1"]
[WhiteElo "1697"]
[BlackElo "1532"]
[PlyCount "54"]
[EventDate "2016.10.25"]
[EventType "swiss"]
[EventRounds "9"]
[EventCountry "ARG"]
[SourceTitle "EXT 2022"]
[Source "ChessBase"]
[SourceDate "2021.10.06"]
[SourceVersion "1"]
[SourceVersionDate "2021.10.06"]
[SourceQuality "1"]

1. e4 c5 2. Nf3 d6 3. d4 cxd4 4. Nxd4 Nf6 5. Nc3 g6 6. Be2 Bg7 7. Be3 Nc6 8. Qd2 Ng4 9. Nxc6 bxc6 10. Bxg4 Bxg4 11. f3 Be6 12. Bd4 Bxd4 13. Qxd4 0-0 14. h4 h5 15. 0-0-0 Qa5 16. a3 Rfb8 17. Rdg1 c5 18. Qa4 Qb6 19. b3 c4 20. b4 Qe3+ 21. Kb2 Qb6 22. Nd5 Bxd5 23. exd5 Rc8 24. Qd7 Rc7 25. Qh3 a5 26. g4 axb4 27. Rb1 c3+ 0-1

[Event "Florianopolis-ch 33rd"]
[Site "Florianopolis"]
[Date "2016.06.04"]
[Round "4"]
[White "De Souza, Elana Silva"]
[Black "Costa, Ane Caroline"]
[Result "1-0"]
[WhiteElo "1565"]
[BlackElo "1777"]
[PlyCount "113"]
[EventDate "2016.06.03"]
[EventType "swiss"]
[EventRounds "6"]
[EventCountry "BRA"]
[SourceTitle "CBM 172 Extra"]
[Source "ChessBase"]
[SourceDate "2016.06.21"]
[SourceVersion "1"]
[SourceVersionDate "2016.06.21"]
[SourceQuality "1"]

1. e4 c6 2. d4 d5 3. Nc3 dxe4 4. Nxe4 Bf5 5. Ng3 Bg6 6. Nf3 Nd7 7. h4 h6 8. h5 Bh7 9. Bd3 Bxd3 10. Qxd3 Ngf6 11. Rh4 e6 12. Kf1 Bd6 13. Ne4 Nxe4 14. Qxe4 Nf6 15. Qd3 Qe7 16. Be3 Nd5 17. c4 Nxe3+ 18. Qxe3 0-0-0 19. Re4 Kb8 20. c5 Bc7 21. Qb3 Qd7 22. Rc1 Qd5 23. Qc2 Qxh5 24. b4 Qd5 25. Rb1 Kc8 26. b5 cxb5 27. Rxb5 Kd7 28. Re3 Ke7 29. Qb1 Rb8 30. Reb3 Qc4+ 31. Kg1 b6 32. R3b4 Qc3 33. Rb3 Qc4 34. cxb6 Bxb6 35. a4 Rhc8 36. R3b4 Qc1+ 37. Qxc1 Rxc1+ 38. Kh2 Bc7+ 39. g3 Rxb5 40. Rxb5 Bd6 41. Ne5 Bxe5 42. dxe5 Rc7 43. a5 Kd7 44. Kg2 Kc6 45. Rb2 Rb7 46. Rc2+ Kb5 47. Rb2+ Ka6 48. Ra2 Rb5 49. f4 Rxa5 50. Rd2 Rd5 51. Rxd5 exd5 52. f5 Kb6 53. Kf3 Kc6 54. Ke3 g6 55. e6 fxe6 56. fxg6 a5 57. g7 1-0

[Event "Florianopolis-ch 33rd"]
[Site "Florianopolis"]
[Date "2016.06.03"]
[Round "1"]
[White "De Souza, Elana Silva"]
[Black "Mariani, Daniel Brandao"]
[Result "0-1"]
[WhiteElo "1565"]
[BlackElo "1981"]
[PlyCount "70"]
[EventDate "2016.06.03"]
[EventType "swiss"]
[EventRounds "6"]
[EventCountry "BRA"]
[SourceTitle "CBM 172 Extra"]
[Source "ChessBase"]
[SourceDate "2016.06.21"]
[SourceVersion "1"]
[SourceVersionDate "2016.06.21"]
[SourceQuality "1"]

1. e4 c5 2. Nf3 d6 3. d4 cxd4 4. c3 Nf6 5. e5 dxe5 6. Nxe5 Nbd7 7. Qxd4 Nxe5 8. Qxe5 e6 9. Bc4 Bd6 10. Qe2 Bd7 11. Nd2 Qc7 12. Nf3 Bc6 13. Bb5 0-0 14. Bxc6 Qxc6 15. 0-0 Rad8 16. Bg5 Be7 17. Ne5 Qc7 18. Rad1 h6 19. Bh4 Nd5 20. Bg3 Bd6 21. c4 Ne7 22. b4 Nf5 23. Ng6 fxg6 24. Qxe6+ Qf7 25. Qxf7+ Kxf7 26. c5 Bxg3 27. fxg3 Rxd1 28. Rxd1 Re8 29. Kf2 Re7 30. g4 Ne3 31. Rd4 g5 32. h3 Nc2 33. Rc4 Na3 34. Rc3 Nb5 35. a4 Nxc3 0-1